| 000 | 00548nam a22001937a 4500 | ||
|---|---|---|---|
| 003 | OSt | ||
| 005 | 20240214160742.0 | ||
| 008 | 190309b xxu||||| |||| 00| 0 eng d | ||
| 020 | _a9781543342628 | ||
| 040 |
_cSEROSOFT _dIIMT UNIVERSITY, MEERUT |
||
| 100 | _aUMARKAR, SHAH | ||
| 245 |
_aPRACTICAL PHARMACEUTICAL ORGANIC CHEMISTRY _cAUTHORS _hENGLISH |
||
| 250 | _a1ST | ||
| 260 |
_aDELHI _bNIRALI _c2018 |
||
| 300 | _b110 PP. | ||
| 760 | _b1ST ED. | ||
| 856 | _3PAPERBACK | ||
| 942 |
_2ddc _c01 _e1ST _hBOOK _iTITLE _k541.66 SHA _m541.66 SHA |
||
| 999 |
_c44810 _d44810 |
||